Statistics for attack on titan (characters; show)(spoilers alert!)

Click here to take the quiz!

General Stats

  • This quiz has been taken 1,366 times
  • The average score is 17 of 23

Answer Stats

HintAnswer% Correct
main character's best friendArmin
99%
main characterEren
99%
main character's "sister"Mikasa
99%
female titanAnnie
96%
strongest scouting legion soliderLevi
94%
always hungrySasha
94%
commander of the scouting legionErwin
88%
looses his best friend without seeing how he diedJean
88%
hangs out with "goddess"Ymir
88%
keeps answers about the titans in his basementDr. Jaeger
86%
muscular blond from 104th trainees squadReiner
83%
girl from Levi's elite squadPetra
82%
first person to get eaten by a titanMrs. Jaeger
74%
"goddess"Christa
73%
scientist from the scouting legionHanji
73%
saves main characters from titan when they were childrenHannes
72%
first to die from the 104th trainees squadMarco
69%
conformed with his squad members to join the scouting legionConnie
62%
hangs out with "muscular blond"Berthold
55%
commander over seeing the mission to plug TrostPixis
52%
first to get killed from levi's elite squadGunter
17%
final member of levi's elite squadErd
11%
imitates levi from levi's elite squadAuruo
10%

Score Distribution

Percentile by Number Answered

Percent of People with Each Score

Your Score History

You have not taken this quiz